|
|
|
|
| LEADER |
00982nam a2200253 a 4500 |
| 001 |
14374857 |
| 008 |
120716r20052009nyua 000 0 eng d |
| 999 |
|
|
|c 12601
|d 12601
|
| 010 |
|
|
|a 2006276377
|
| 020 |
|
|
|a 9780521674874
|
| 020 |
|
|
|a 0521674875 (pbk.)
|
| 040 |
|
|
|a DLC
|c DLC
|d DLC
|d BD-DhAAL
|
| 082 |
0 |
4 |
|a 428.6
|2 20
|
| 100 |
1 |
|
|a Ruttle, Keith.
|9 49145
|
| 245 |
1 |
4 |
|a The Lord Mount Dragon /
|c Keith Ruttle ; illustrated by Rowan Barnes-Murphy.
|
| 250 |
|
|
|a Cambridge storybooks ed.
|
| 260 |
|
|
|a New York :
|b Cambridge University Press,
|c 2005.[reprinted 2009]
|
| 300 |
|
|
|a 32 p. :
|b col. ill. ;
|c 19 x 23 cm.
|
| 490 |
0 |
|
|a Cambridge storybooks
|
| 541 |
1 |
|
|e 00025595
|
| 650 |
|
0 |
|a Readers
|x Juvenile literature.
|9 49146
|
| 852 |
1 |
|
|a BRAC Institute of Language (BIL)
|c General Stacks
|
| 942 |
|
|
|2 ddc
|c BK
|
| 952 |
|
|
|0 0
|1 1
|2 ddc
|4 0
|6 428_600000000000000_RUT
|7 0
|9 20795
|a BIL
|b BIL
|c GEN
|d 2012-07-22
|e karim International
|g 630.75
|l 1
|o 428.6 RUT
|p 3010025595
|r 2012-09-11
|s 2012-09-11
|t 1
|w 2012-07-22
|y BK
|